<?xml version="1.0" encoding="UTF-8"?>
<record
    xmlns:xsi="http://www.w3.org/2001/XMLSchema-instance"
    xsi:schemaLocation="http://www.loc.gov/MARC21/slim http://www.loc.gov/standards/marcxml/schema/MARC21slim.xsd"
    xmlns="http://www.loc.gov/MARC21/slim">

  <leader>00897nam a22002417a 4500</leader>
  <datafield tag="999" ind1=" " ind2=" ">
    <subfield code="c">7035</subfield>
    <subfield code="d">7035</subfield>
  </datafield>
  <controlfield tag="003">AR-CdUCM</controlfield>
  <controlfield tag="008">190319b           ||||| |||| 00| 0 spa d</controlfield>
  <datafield tag="040" ind1=" " ind2=" ">
    <subfield code="a">MUNICIPALIDAD PROVINCIAL DEL CUSCO</subfield>
    <subfield code="c">BIBLIOTECA MUNICIPAL DEL CUSCO</subfield>
  </datafield>
  <datafield tag="082" ind1=" " ind2=" ">
    <subfield code="a">635 /</subfield>
    <subfield code="b">K46</subfield>
  </datafield>
  <datafield tag="100" ind1=" " ind2=" ">
    <subfield code="a">Kidner, A. W. </subfield>
  </datafield>
  <datafield tag="245" ind1=" " ind2=" ">
    <subfield code="a">Esp&#xE1;rragos /</subfield>
  </datafield>
  <datafield tag="260" ind1=" " ind2=" ">
    <subfield code="a">M&#xE9;xico :</subfield>
    <subfield code="b">Continental,</subfield>
    <subfield code="c">1965.</subfield>
  </datafield>
  <datafield tag="300" ind1=" " ind2=" ">
    <subfield code="a">199 paginas ;</subfield>
    <subfield code="b">Ilustraciones,</subfield>
    <subfield code="c">23 cm.</subfield>
  </datafield>
  <datafield tag="505" ind1=" " ind2=" ">
    <subfield code="a">Historia y distribuci&#xF3;n del esparrago -- Su cultivo en diferentes pa&#xED;ses -- Notas bot&#xE1;nicas y la ley de la herencia -- Cultivo de esp&#xE1;rragos : la producci&#xF3;n de coronas...</subfield>
  </datafield>
  <datafield tag="650" ind1=" " ind2=" ">
    <subfield code="a">Esp&#xE1;rragos</subfield>
    <subfield code="9">19825</subfield>
  </datafield>
  <datafield tag="650" ind1=" " ind2=" ">
    <subfield code="a">Cultivo del esparrago</subfield>
    <subfield code="9">19826</subfield>
  </datafield>
  <datafield tag="650" ind1=" " ind2=" ">
    <subfield code="a">Producci&#xF3;n comercial</subfield>
    <subfield code="9">19827</subfield>
  </datafield>
  <datafield tag="700" ind1=" " ind2=" ">
    <subfield code="a">Blackaller Valdes, Alonso (Traductor)</subfield>
    <subfield code="9">19828</subfield>
  </datafield>
  <datafield tag="942" ind1=" " ind2=" ">
    <subfield code="2">ddc</subfield>
    <subfield code="c">LIBROS</subfield>
  </datafield>
  <datafield tag="945" ind1=" " ind2=" ">
    <subfield code="a">wnts</subfield>
  </datafield>
  <datafield tag="952" ind1=" " ind2=" ">
    <subfield code="0">0</subfield>
    <subfield code="2">ddc</subfield>
    <subfield code="4">0</subfield>
    <subfield code="7">0</subfield>
    <subfield code="a">SC</subfield>
    <subfield code="b">SC</subfield>
    <subfield code="c">CART</subfield>
    <subfield code="d">2019-03-19</subfield>
    <subfield code="g">40.00</subfield>
    <subfield code="o">635 / K46</subfield>
    <subfield code="p">SC0000000342</subfield>
    <subfield code="r">2019-03-19</subfield>
    <subfield code="y">LIBROS</subfield>
  </datafield>
</record>
